| Tag |
First Indicator |
Second Indicator |
Subfields |
| LEADER |
00000cam a2200000 4500 |
| 001 |
in00000043648 |
| 005 |
20151007074929.0 |
| 008 |
731115s1943 gt abf 00010 spa u |
| 010 |
|
|
|a 44010717
|
| 035 |
|
|
|a (OCoLC)00742746
|
| 035 |
|
|
|9 AAF2343AM
|
| 040 |
|
|
|c TEU
|d TXA
|d UtOrBLW
|
| 041 |
1 |
|
|a spa
|a eng
|
| 049 |
|
|
|a TXAM
|c [124827]
|
| 050 |
|
0 |
|a SB191.M2
|b M34
|
| 082 |
0 |
|
|a 633.15
|
| 092 |
|
|
|a 633.15
|b M277o.q
|
| 100 |
1 |
|
|a Mangelsdorf, Paul C.
|q (Paul Christoph),
|d 1899-1989.
|
| 245 |
1 |
3 |
|a El origen del maiz indio y sus congeneres /
|c por P. C. Mangelsdorf y R. G. Reeves ; traducido del ingles por el doctor Epaminondas Quintana.
|
| 264 |
|
1 |
|a Guatemala, C.A.,
|b [publisher not identified] ;
|c 1943.
|
| 300 |
|
|
|a 377 pages :
|b illustrations, plates, maps. ;
|c 24 cm.
|
| 336 |
|
|
|a text
|b txt
|2 rdacontent
|
| 337 |
|
|
|a unmediated
|b n
|2 rdamedia
|
| 338 |
|
|
|a volume
|b nc
|2 rdacarrier
|
| 650 |
|
0 |
|a Corn.
|
| 700 |
1 |
|
|a Reeves, R. G.
|q (Robert Gatlin),
|d 1898-
|
| 700 |
1 |
|
|a Quintana, Epaminondas.
|
| 999 |
|
|
|a MARS
|
| 999 |
f |
f |
|s d6a92928-935d-3886-b5ff-da1a449de9c7
|i 2d78db41-21b7-35f9-9efe-2e49dbb27332
|t 0
|
| 952 |
f |
f |
|p ric
|a Texas A&M University
|b Rellis Campus
|c Joint Library Facility
|d Remote Storage
|t 0
|e SB191.M2 M34
|h Library of Congress classification
|i unmediated -- volume
|m A14801072641
|
| 998 |
f |
f |
|a SB191.M2 M34
|t 0
|l Remote Storage
|